banner-ar

الامارات العربية المتحدة على مفترق طرق / (Record no. 62189)

MARC details
000 -الفاتح
حقل البيانات ثابتة الطول 00968nam a22002417a 4500
005 - وقت وتاريخ اخر تعامل مع التسجيلة
رقم الضبط 20240530110537.0
008 - عناصر البيانات ثابتة الطول - معلومات عامة
حقل البيانات ثابتة الطول 160120s2013 ua a g 001 0 ara d
020 ## - الرقم الدولى المعيارى للكتب
الرقم الدولى المعيارى للكتاب 9789953826059
040 ## - مصدر الفهرسة
وكالة الفهرسة الأصلية EG-CaGPL
082 04 - رقم تصنيف ديوى العشرى
رقم الطبعة 21
رقم التصنيف 320.9535\
رقم المادة ي إ
100 0# - المدخل الرئيسى - إسم شخصى
الإسم الشخصى يوسف خليفة اليوسف .
245 12 - بيان العنوان
العنوان الامارات العربية المتحدة على مفترق طرق /
بيان المسئوليه,etc يوسف خليفة اليوسف .
250 ## - بيان الطبعة
بيان الطبعة ط1.
260 ## - PUBLICATION, DISTRIBUTION, ETC. (IMPRINT)
تاريخ النشر أو التوزيع 2013 .
300 ## - الوصف المادى
التعداد 415 ص ؛
أبعاد الوعاء 24 سم .
504 ## - تبصرة ببليوجرافية
تبصرة ببليوجرافية,الخ ببليوجرافية : ص 401 - 415
651 04 - المدخل الاضافى بالموضوع - اسم جغرافى
الاسم الجغرافي الامارات العربية المتحدة .
651 04 - المدخل الاضافى بالموضوع - اسم جغرافى
الاسم الجغرافي دبى
التقسيم الفرعي العام الاحوال الاقتصادية .
651 04 - المدخل الاضافى بالموضوع - اسم جغرافى
الاسم الجغرافي الامارات العربية المتحدة
التقسيم الفرعي العام السياسة الخارجية .
651 04 - المدخل الاضافى بالموضوع - اسم جغرافى
الاسم الجغرافي الامارات العربية المتحدة
التقسيم الفرعي العام السكان .
942 ## - عناصر المدخل الإضافي( كوها)
مصدر التصنيف او مخطط الترفيف Dewey Decimal Classification
Koha [default] item type كتاب
260 ## - PUBLICATION, DISTRIBUTION, ETC. (IMPRINT)
-- بيروت :
-- مركز دراسات الوحدة العربية ،
Holdings
حالة التراجع حالة الفقد حالة تلف ليس للاعارة المكان المؤقت الموقع الحالى تاريخ الاكتساب اجمالي اﻻعارات رقم الطلب الباركود تاريخ اخر مشاهدة تاريخ تفعيل السعر نوع وعاء كوها
        مكتبة القاهرة الكبرى مكتبة القاهرة الكبرى 04/17/2016   320.9535\ ي إ 161845 04/17/2016 04/17/2016 كتاب

Powered By

EGPV